00983nas a2200229Ia 4500001001100000003000900011008004100020040001300061040001300074041001300087100005000100210001900150222001900169245008400188250001100272260004000283501008600323300002000409362002600429500026000455650003800715R951/D2328IT-RoPAU151124c99999999xx |||||||||||| ||und|| aIT-RoPAU cIT-RoPAU aITALIANO aPinell I Pons JordigCodice Aut. SPICS: 51736 aECCLESIA ORANS aEcclesia Orans aECCLESIA ORANS, ANNO 10-N.02 (1993)bDalla Parola Al Mistero Della Celebrazione a1a ed. aROMAbCENTRO STUDI S. ANSELMOc1993 bPaulus - SPICS - Società San Paolo EM (non-commercial uses only)cCopyright2015 a38 p. [125-162] aANNO 010, N.02 (1993) aTeologia del Ministero della Predicazione in San Leone Magno. Influsso di 1 Cor 1,10-31. Ministero della Parola. Presenza del Mistero. Servizio Difficile ma Doveroso. Esercizio di Comunione Ecclesiale. Istruzione Catecheticae Morale. Testimonianza e Difes aLITURGIAvPUBBLICAZIONE PERIODICA